<?xml version="1.0" encoding="UTF-8"?>
<record
    xmlns:xsi="http://www.w3.org/2001/XMLSchema-instance"
    xsi:schemaLocation="http://www.loc.gov/MARC21/slim http://www.loc.gov/standards/marcxml/schema/MARC21slim.xsd"
    xmlns="http://www.loc.gov/MARC21/slim">

  <leader>00762nam a22001817a 4500</leader>
  <controlfield tag="005">20260209161131.0</controlfield>
  <controlfield tag="008">260209b        |||||||| |||| 00| 0 eng d</controlfield>
  <datafield tag="020" ind1=" " ind2=" ">
    <subfield code="a">9789353509019</subfield>
  </datafield>
  <datafield tag="040" ind1=" " ind2=" ">
    <subfield code="c">VITAP</subfield>
  </datafield>
  <datafield tag="082" ind1=" " ind2=" ">
    <subfield code="2">23rd Ed.</subfield>
    <subfield code="a">658.4063 AGA</subfield>
  </datafield>
  <datafield tag="100" ind1=" " ind2=" ">
    <subfield code="a">Agarwal, Anuja</subfield>
    <subfield code="9">17047</subfield>
  </datafield>
  <datafield tag="245" ind1=" " ind2=" ">
    <subfield code="a">Design Thinking</subfield>
    <subfield code="b">: A Framework for Applying Design Thinking in Problem Solving</subfield>
    <subfield code="c">/ Anuja Agarwal</subfield>
  </datafield>
  <datafield tag="260" ind1=" " ind2=" ">
    <subfield code="a">New Delhi</subfield>
    <subfield code="b">Cengage Learning India Pvt. Ltd.</subfield>
    <subfield code="c">2025</subfield>
  </datafield>
  <datafield tag="300" ind1=" " ind2=" ">
    <subfield code="a">xvi, Chap. (1.1-11.14), (B.1-B.3), (I.1-I.6), (R.1-R.2)p. : ill. ; 24cm</subfield>
  </datafield>
  <datafield tag="500" ind1=" " ind2=" ">
    <subfield code="a">It includes Index Pages.</subfield>
  </datafield>
  <datafield tag="650" ind1=" " ind2="0">
    <subfield code="a">Decision making - Psychological aspects;  Management information systems - Design thinking applications;  Business planning - Decision making</subfield>
    <subfield code="9">17048</subfield>
  </datafield>
  <datafield tag="942" ind1=" " ind2=" ">
    <subfield code="2">ddc</subfield>
    <subfield code="c">BK</subfield>
  </datafield>
  <datafield tag="999" ind1=" " ind2=" ">
    <subfield code="c">47257</subfield>
    <subfield code="d">47257</subfield>
  </datafield>
  <datafield tag="952" ind1=" " ind2=" ">
    <subfield code="0">0</subfield>
    <subfield code="1">0</subfield>
    <subfield code="2">ddc</subfield>
    <subfield code="3">Paper Back</subfield>
    <subfield code="4">0</subfield>
    <subfield code="7">0</subfield>
    <subfield code="8">REF</subfield>
    <subfield code="a">VSB</subfield>
    <subfield code="b">VITAP</subfield>
    <subfield code="c">REF</subfield>
    <subfield code="d">2026-01-31</subfield>
    <subfield code="e">Syamala Book Links, Visakhapatnam</subfield>
    <subfield code="g">550.00</subfield>
    <subfield code="i">SBL151</subfield>
    <subfield code="l">0</subfield>
    <subfield code="o">658.4063 AGA</subfield>
    <subfield code="p">025445</subfield>
    <subfield code="r">2026-02-09 16:12:00</subfield>
    <subfield code="v">550.00</subfield>
    <subfield code="w">2026-01-31</subfield>
    <subfield code="y">REF</subfield>
    <subfield code="z">MGT</subfield>
  </datafield>
  <datafield tag="952" ind1=" " ind2=" ">
    <subfield code="0">0</subfield>
    <subfield code="1">0</subfield>
    <subfield code="2">ddc</subfield>
    <subfield code="3">Paper Back</subfield>
    <subfield code="4">0</subfield>
    <subfield code="7">0</subfield>
    <subfield code="a">VSB</subfield>
    <subfield code="b">VITAP</subfield>
    <subfield code="c">GEN</subfield>
    <subfield code="d">2026-01-31</subfield>
    <subfield code="e">Syamala Book Links, Visakhapatnam</subfield>
    <subfield code="g">550.00</subfield>
    <subfield code="i">SBL151</subfield>
    <subfield code="l">0</subfield>
    <subfield code="o">658.4063 AGA</subfield>
    <subfield code="p">025446</subfield>
    <subfield code="r">2026-02-09 16:12:55</subfield>
    <subfield code="v">550.00</subfield>
    <subfield code="w">2026-01-31</subfield>
    <subfield code="y">BK</subfield>
    <subfield code="z">MGT</subfield>
  </datafield>
  <datafield tag="952" ind1=" " ind2=" ">
    <subfield code="0">0</subfield>
    <subfield code="1">0</subfield>
    <subfield code="2">ddc</subfield>
    <subfield code="3">Paper Back</subfield>
    <subfield code="4">0</subfield>
    <subfield code="7">0</subfield>
    <subfield code="a">VSB</subfield>
    <subfield code="b">VITAP</subfield>
    <subfield code="c">GEN</subfield>
    <subfield code="d">2026-01-31</subfield>
    <subfield code="e">Syamala Book Links, Visakhapatnam</subfield>
    <subfield code="g">550.00</subfield>
    <subfield code="i">SBL151</subfield>
    <subfield code="l">0</subfield>
    <subfield code="o">658.4063 AGA</subfield>
    <subfield code="p">025447</subfield>
    <subfield code="r">2026-02-09 16:12:55</subfield>
    <subfield code="v">550.00</subfield>
    <subfield code="w">2026-01-31</subfield>
    <subfield code="y">BK</subfield>
    <subfield code="z">MGT</subfield>
  </datafield>
</record>
